000 00912nam a2200241 a 4500
001 13831
003 BD-JhCC
005 20240417124643.0
008 240415b20162019bg |||| ||a| 000 0 bng d
020 _a9789849031000
035 _a(BD-JhCC)13831
040 _aBD-JhCC
_dBD-JhCC
041 _aBengali
082 _a297.1
_bJAM 2019
100 _aজামিল ,মাওলানা তারিক
245 _aআল্লাহর ভয়ে যে চোখ কাঁদে /
_cমাওলানা তারিক জামিল ,অনু: মাওলানা কাওসার বিন নুরদ্দীন ।
260 _aঢাকা:
_bবিননুরী লাইব্রেরী;
_c2019.
300 _a112 p. :
_c22 cm.
650 _aIslamic
700 _aনুরদ্দীন,মাওলানা কাওসার বিন
942 _2ddc
_cBK
999 _c13831
_d13831